Statystyki dla Największe parafie diecezji siedleckiej

Kliknij tutaj aby rozwiązać quiz!

Ogólne statystyki

  • Ten quiz został rozwiązany 51 razy
  • Średni wynik to 25 z 79

Statystyki odpowiedzi

lp.Liczba wiernychodpowiedź% Poprawnych
112 700SIEDLCE
92%
119 977SIEDLCE
92%
375 137SIEDLCE
92%
217 960SIEDLCE
92%
414 852SIEDLCE
92%
434 700SIEDLCE
92%
159 559SIEDLCE
92%
149 639SIEDLCE
92%
611 612SIEDLCE
92%
237 600ŁUKÓW
67%
139 774ŁUKÓW
67%
711 500ŁUKÓW
67%
345 742ŁUKÓW
67%
811 411RADZYŃ PODLASKI
51%
564 175RADZYŃ PODLASKI
51%
267 000RADZYŃ PODLASKI
51%
633 592ŁOSICE
49%
524 486ŁOSICE
49%
1010 153BIAŁA PODLASKA
46%
198 505BIAŁA PODLASKA
46%
312 270BIAŁA PODLASKA
46%
247 600BIAŁA PODLASKA
46%
296 500BIAŁA PODLASKA
46%
315 950BIAŁA PODLASKA
46%
412 200GARWOLIN
46%
168 980GARWOLIN
46%
653 469KOTUŃ
33%
404 866MIĘDZYRZEC PODLASKI
33%
286 550MIĘDZYRZEC PODLASKI
33%
910 683MIĘDZYRZEC PODLASKI
33%
683 416MORDY
33%
511 750PARCZEW
33%
335 843PARCZEW
33%
212 500RYKI
33%
207 995KOCK
31%
178 929STOCZEK ŁUKOWSKI
31%
227 950TERESPOL
31%
188 845ŻELECHÓW
31%
129 775ŁASKARZEW
26%
494 539SUCHOŻEBRY
21%
365 370WŁODAWA
21%
257 420WŁODAWA
21%
454 602JANÓW PODLASKI
18%
306 296SKÓRZEC
18%
643 540WILGA
18%
276 600ZBUCZYN
18%
763 222KOMARÓWKA PODLASKA
15%
355 544ULAN
15%
623 629KĄKOLEWNICA
13%
424 832PARYSÓW
13%
544 350PILAWA
13%
753 320STANIN
13%
663 466WOHYŃ
13%
384 974GÓRZNO
10%
554 308MACIEJOWICE
10%
583 840MIASTKÓW
10%
703 370SULBINY
10%
603 762TRZEBIESZÓW
10%
733 331WISZNICE
10%
474 595WOJCIESZKÓW
10%
484 556DĘBLIN
8%
325 900DĘBLIN
8%
783 091LEŚNA PODLASKA
8%
534 427OSIECK
8%
514 522PISZCZAC
8%
593 830SEROKOMLA
8%
504 535SOBOLEW
8%
723 352STARE OPOLE
8%
613 690TRĄBKI
8%
743 325KŁOCZEW
5%
464 599OKRZEJA
5%
574 090RADORYŻ
5%
773 117WILCZYSKA
5%
693 385WOLA GUŁOWSKA
5%
793 000GOŃCZYCE
3%
673 450WARSZAWICE
3%
394 939KORYTNICA ŁASKARZEWSKA
0%
444 607OSTRÓW LUBELSKI
0%
713 365SOBIENIE JEZIORY
0%

Rozkład punktacji

Percentyl według liczby udzielonych odpowiedzi

Procent ludzi z każdym wynikiem

Twoja historia wyników

Nie rozwiązałeś tego quizu